00799nam a2200217Ia 450000100060000000800390000602000180004504100080006308200120007110000290008324501270011225000120023926000580025130000190030965300210032865300190034970000330036894200120040195201510041399900170056461978080101n ii |||gr||||Z||||||asm a9789381694237 aasm a891.413 aThakur, Pankaj,eEditor. 0aKathanibari Ghatot Akhontek Mahim Bora: Kriti Aru KritityocEdited by Pankaj Thakur & Arindom BorkatokyhTextual Documents aist ed. aGuwahati:bNandeswar Bora Lakhimi Bora Trust.,c2012. apg 455:c20cm. aAssamese Fiction aDeptt-Assamese aBorkatoky, Arindom,eEditor. 2ddccBK 001040708General aSKBLbSKBLcDeptt-Assamesed2008-01-01f00000g400.00l0o891.413 Th 326 Kap6342/Asr2024-01-14 00:00:00t1w2008-01-01yBK c63086d63086